Zdroje financovania obstarania majetku v podniku BOHUŠ, s.r.o. Hronec : Bakalárska práca

Gespeichert in:
Bibliographische Detailangaben
1. Verfasser: Račáková, Diana (Verfasst von)
Weitere Verfasser: Ševčíková, Ľudmila (xxx)
Format: Manuskript Buch
Sprache:Slowakisch
Veröffentlicht: Trnava : STU v Bratislave MtF KPIM, 2006
Schlagworte:
Tags: Tag hinzufügen
Keine Tags, Fügen Sie das erste Tag hinzu!

MARC

LEADER 00000ntm a22000003a 4500
001 stu129162
005 20160719155605.2
008 061103s2006----xo------------------slo-d
040 |a STU  |b slo 
041 0 |a slo 
044 |a xo 
100 1 |a Račáková, Diana  |4 aut 
245 1 |a Zdroje financovania obstarania majetku v podniku BOHUŠ, s.r.o. Hronec :  |b Bakalárska práca 
260 |a Trnava :  |b STU v Bratislave MtF KPIM,  |c 2006 
300 |a 52 s  |c 1 CD-ROM 
650 7 |a priemyselné inžinierstvo a manažment  |2 stusub 
650 7 |a financovanie podniku  |2 stusub 
700 1 |a Ševčíková, Ľudmila  |4 xxx 
996 |b 284M074558  |c M*BP-1928  |l MMSKP  |s P  |a 0  |w stu129162_0001